Okrasní ptáci /

Hlavní autor: Chvapil, Stanislav, 1937-
Jazyk: Čeština
Vydáno: Praha : Aventinum, 2005, c1998
Vydání: Vyd. 3.
Edice: Rady pro chovatele a pěstitele
Témata:
Fyzický popis: 192 s. : il. (převážně barev.) ; 21 cm
Knihy
Uloženo v:
LEADER 01498nam a2200445 a 4500
001 nkc20051582068
003 CZ PrNK
005 20241119125248.0
007 ta
008 050815t20051998xr a e f 001 0 cze
015 |a cnb001582068 
020 |a 80-7151-257-5  |q (váz.) 
035 |a (OCoLC)85162502 
040 |a BOA001  |b cze  |d ABA001 
072 7 |a 636  |x Chov zvířat. Živočišná výroba  |2 Konspekt  |9 24 
080 |a 636.68  |2 MRF 
080 |a 636.68.08  |2 MRF 
080 |a (035)  |2 MRF 
100 1 |a Chvapil, Stanislav,  |d 1937-  |7 xx0017395  |4 aut 
245 1 0 |a Okrasní ptáci /  |c Stanislav Chvapil 
246 1 4 |a Rady chovatelům.  |p Okrasní ptáci 
250 |a Vyd. 3. 
260 |a Praha :  |b Aventinum,  |c 2005, c1998 
300 |a 192 s. :  |b il. (převážně barev.) ;  |c 21 cm 
490 1 |a Rady pro chovatele a pěstitele 
500 |a Obsahuje rejstříky 
650 0 7 |a okrasní ptáci  |7 ph115582  |2 czenas 
650 0 7 |a exotičtí ptáci  |7 ph114512  |2 czenas 
650 0 7 |a chov okrasných ptáků  |7 ph920859  |2 czenas 
650 0 9 |a ornamental birds  |2 eczenas 
650 0 9 |a exotic birds  |2 eczenas 
650 0 9 |a keeping of ornamental birds  |2 eczenas 
655 7 |a příručky  |7 fd133209  |2 czenas 
655 9 |a handbooks and manuals  |2 eczenas 
830 0 |a Rady pro chovatele a pěstitele  |0 s 
910 2 |a BOA001  |b 2-1158.368 
990 |a BK 
995 |a 01 
991 |b 200510  |c NOV 
996 6 |b 2610260510  |c 2-1158.368  |l MZK  |r Sklad / do 1 hodiny  |n 1  |p p.v.  |w 000791186  |u 000010  |a 1  |e BOA001  |j MZK50  |s P